000 01137cam a2200241 4500
001 WB3712-30
008 000000n2001 000 0 eng u
035 _a(Sirsi) u111493
245 _aDevelopment of brownfield sites
260 _c2001
490 _aUrban Environment Today
_v(117) 15 March 2001, 7(1)
520 _a75% of all local authorities have not yet reviewed their planning policies to take into account government guidance published in PPG3, according to a report by the Council for the Protection of Rural England. Nearly half continue to allow low density housing developments, whilst a similar number have yet to undertake capacity studies of brownfield sites. Copies of the report, "Sprawl patrol: first year report", are available from the CPRE priced £3, Tel: 020 7976 6433.
590 _aWB
650 _aBROWNFIELD LAND
650 _aBROWNFIELD SITES
650 _aCOUNCIL FOR THE PROTECTION OF RURAL ENGLAND
650 _aCPRE
650 _aHOUSING
650 _aHOUSING CAPACITY
650 _aHOUSING DENSITY
690 _aENVIRONMENTAL AND LAND CONSULTANCY-PLANNING AND DEVELOPMENT
942 _n0
999 _c66438
_d66438